| 000 | 00389cam a22001217a 4500 | ||
|---|---|---|---|
| 008 | 180718b2002 xxu||||| |||| 00| 0 eng d | ||
| 082 | _aA99 Ab31 | ||
| 100 | _aKalam, A.P.J. Abdul | ||
| 245 |
_aIgnited minds: unleashing the power within India _cby A. P. J. Abdul Kalam |
||
| 260 |
_aNew Delhi _bViking _c2002 |
||
| 300 | _a203p. | ||
| 650 | _aAbdul Kalam, A.P.J. - Criticism and interpretation | ||
| 999 |
_c399874 _d399874 |
||